Statistics for Most Well Known African Islands

Click here to take the quiz!

General Stats

  • This quiz has been taken 21 times
  • The average score is 4 of 10

Answer Stats

HintAnswer% Correct
A famous animated movie was named after thisMadagascar
100%
Dodos lived hereMauritius
80%
Has one of the least visited capitals in the worldSao tome
75%
Napeleon died hereSaint Helena
65%
Has same flag as FranceReunion
55%
Famous for touristsTenerife
30%
Owned by Cape VerdePraia
25%
The capital of Equatorial Guinea is hereBioko
0%
Island in ComorosNjazidia
0%
Many African tourists visit this islandPemba island
0%

Score Distribution

Percentile by Number Answered

Percent of People with Each Score

Your Score History

You have not taken this quiz